<?xml version="1.0" encoding="UTF-8"?>
<record
    xmlns:xsi="http://www.w3.org/2001/XMLSchema-instance"
    xsi:schemaLocation="http://www.loc.gov/MARC21/slim http://www.loc.gov/standards/marcxml/schema/MARC21slim.xsd"
    xmlns="http://www.loc.gov/MARC21/slim">

  <leader>02199nam a2200301 a 4500</leader>
  <controlfield tag="003">OSt</controlfield>
  <controlfield tag="005">20251111110134.0</controlfield>
  <controlfield tag="007">cr ||||||a|c|a</controlfield>
  <controlfield tag="008">230508s2020    mx ad||fom||| 001 0 spa d</controlfield>
  <datafield tag="040" ind1=" " ind2=" ">
    <subfield code="e">rda</subfield>
  </datafield>
  <datafield tag="100" ind1="1" ind2=" ">
    <subfield code="9">186918</subfield>
    <subfield code="a">Vega Zeferino, Miguel &#xC1;ngel</subfield>
  </datafield>
  <datafield tag="245" ind1="1" ind2="0">
    <subfield code="a">Evaluaci&#xF3;n de germinaci&#xF3;n de diferentes tratamientos t&#xE9;rmicos para mezquite Prosopis laegavita Humb. &amp; Bonpl. Ex. Will M. C. Johnston /</subfield>
    <subfield code="c">por Miguel &#xC1;ngel Vega Zeferino; director de tesis Dante Arturo Rodr&#xED;guez Trejo</subfield>
  </datafield>
  <datafield tag="264" ind1=" " ind2="1">
    <subfield code="a">Chapingo, M&#xE9;xico :</subfield>
    <subfield code="b">El autor,</subfield>
    <subfield code="c">2020.</subfield>
  </datafield>
  <datafield tag="300" ind1=" " ind2=" ">
    <subfield code="a">1 recurso en l&#xED;nea (32 p&#xE1;ginas):</subfield>
    <subfield code="b">ilustraciones, gr&#xE1;ficas.</subfield>
  </datafield>
  <datafield tag="336" ind1=" " ind2=" ">
    <subfield code="2">rdacontent</subfield>
    <subfield code="a">texto</subfield>
    <subfield code="b">txt</subfield>
  </datafield>
  <datafield tag="337" ind1=" " ind2=" ">
    <subfield code="2">rdamedia</subfield>
    <subfield code="a">computadora</subfield>
    <subfield code="b">c</subfield>
  </datafield>
  <datafield tag="338" ind1=" " ind2=" ">
    <subfield code="2">rdacarrier</subfield>
    <subfield code="a">recurso en l&#xED;nea</subfield>
    <subfield code="b">cr</subfield>
  </datafield>
  <datafield tag="502" ind1=" " ind2=" ">
    <subfield code="b">IF</subfield>
    <subfield code="c">DICIFO</subfield>
    <subfield code="d">2020.</subfield>
    <subfield code="g">LIC</subfield>
  </datafield>
  <datafield tag="504" ind1=" " ind2=" ">
    <subfield code="a">Incluye referencias bibliogr&#xE1;ficas: p&#xE1;ginas 30-32</subfield>
  </datafield>
  <datafield tag="520" ind1=" " ind2=" ">
    <subfield code="a">El mezquite es una especie de alto valor ecol&#xF3;gico en las zonas &#xE1;ridas y semi&#xE1;ridas. Las semillas de Prosopis laevigata Humb. &amp; Bonpl. Ex Will M. C. Johnston presentan latencia f&#xED;sica, caracterizada por una cubierta seminal dura e impermeable, lo que dificulta la germinaci&#xF3;n. El objetivo de esta investigaci&#xF3;n fue evaluar 15 tratamientos t&#xE9;rmicos a diferentes temperaturas (40&#xB0;, 60&#xB0; y 80&#xB0; C) y tiempos de exposici&#xF3;n (1, 5, 35, 55 y 75 min), como escarificaci&#xF3;n t&#xE9;rmica para aumentar la germinaci&#xF3;n de P. laevigata. De acuerdo con la comparaci&#xF3;n de medias de Tukey (&#x3B1; = 0.05), el tratamiento 80&#xB0;C durante 55 min tuvo la mayor efectividad, logrando una germinaci&#xF3;n de 70 %, superior a la germinaci&#xF3;n media del testigo (40 %). De acuerdo con las tendencias de germinaci&#xF3;n, a mayor temperatura y tiempo de exposici&#xF3;n, dentro de los intervalos estudiados, mayor germinaci&#xF3;n.</subfield>
  </datafield>
  <datafield tag="650" ind1=" " ind2="4">
    <subfield code="9">112204</subfield>
    <subfield code="a">Temperatura</subfield>
    <subfield code="x">Efecto en leguminosas</subfield>
  </datafield>
  <datafield tag="650" ind1=" " ind2="4">
    <subfield code="9">103933</subfield>
    <subfield code="a">Semillas</subfield>
    <subfield code="x">Viabilidad</subfield>
  </datafield>
  <datafield tag="650" ind1=" " ind2="4">
    <subfield code="9">75369</subfield>
    <subfield code="a">Mezquite</subfield>
    <subfield code="x">Fisiolog&#xED;a y morfolog&#xED;a</subfield>
  </datafield>
  <datafield tag="650" ind1=" " ind2="4">
    <subfield code="9">103903</subfield>
    <subfield code="a">Semillas</subfield>
    <subfield code="x">Germinaci&#xF3;n</subfield>
  </datafield>
  <datafield tag="700" ind1="1" ind2=" ">
    <subfield code="9">98938</subfield>
    <subfield code="a">Rodr&#xED;guez Trejo, Dante Arturo</subfield>
    <subfield code="e">director.</subfield>
  </datafield>
  <datafield tag="856" ind1=" " ind2=" ">
    <subfield code="u">http://10.13.5.2/tesis/tl/Vega_Zeferino_Miguel_Angel.pdf</subfield>
    <subfield code="z">DESCARGAR PDF</subfield>
  </datafield>
  <datafield tag="942" ind1=" " ind2=" ">
    <subfield code="2">Clasificaci&#xF3;n Universidad Aut&#xF3;noma Chapingo</subfield>
    <subfield code="c">TD</subfield>
  </datafield>
  <datafield tag="999" ind1=" " ind2=" ">
    <subfield code="c">218700</subfield>
    <subfield code="d">218700</subfield>
  </datafield>
  <datafield tag="952" ind1=" " ind2=" ">
    <subfield code="0">0</subfield>
    <subfield code="1">0</subfield>
    <subfield code="2">local</subfield>
    <subfield code="4">0</subfield>
    <subfield code="5">1</subfield>
    <subfield code="7">0</subfield>
    <subfield code="8">TesDigL</subfield>
    <subfield code="a">BD</subfield>
    <subfield code="b">BD</subfield>
    <subfield code="c">E_L</subfield>
    <subfield code="d">2023-05-08</subfield>
    <subfield code="l">0</subfield>
    <subfield code="o">Tesis digital</subfield>
    <subfield code="r">2023-05-08 00:00:00</subfield>
    <subfield code="w">2023-05-08</subfield>
    <subfield code="y">TD</subfield>
  </datafield>
</record>
